LEADER 01474nam a2200289 u 4500 001 000000052929 003 CaOOAMICUS 005 20070226115513.0 008 001027s2000 it u000 u ita u 035 $a10859715 040 $aPUL$bita 041 0 $aita$aeng$afre 245 00$aPadre Pio da Pietrelcina [sic!] :$bla vita del frate delle stimmate attraverso gli autorevoli scritti di chi lo ha conosciuto e di chi gli è stato vicino /$cpadre Guglielmo Alimonti ... [et al.] ; [a cura di] Nicola Russo. 260 $aBenevento :$bEd. Sannio Sport,$c2000. 300 $a51 p. :$bill. ;$c25 cm 500 $a"Testi tradotti in inglese e francese". 600 04$aPius a Pietrelcina,$cs.,$d1887-1968.$0(OLS)http://pul/subject/34896 700 1 $aAlimonti, Guglielmo,$csac.$0(OLS)http://pul/name/37686 700 1 $aRusso, Nicola.$0(OLS)http://pul/name/37685 850 $aPUL 852 $aPUL$W1$xDP1 Religione 1$y20$m637 I 2$j69883$nBK-PRI$b $qStampati$B69883$CPULBib$Z2$F69883 $H $81 941 1 $a8 960 $aPio da Pietrelcina,$cs.$d1887-1968$934896 960 $aForgione, Francesco,$cO.F.M. Cap., s.,$d1887-1968$934896 961 $aINV: 83161 996 $6245$aPadre Pio da Pietrelcina [sic!] :$bla vita del frate delle stimmate attraverso gli autorevoli scritti di chi lo ha conosciuto e di chi gli è stato vicino$9(OLS)http://pul/title/70992 996 $6260$aBenevento :$bEd. Sannio Sport$9(OLS)http://pul/publisher/68431 LEADER 01320nam a2200253 u 4500 001 000000110347 003 CaOOAMICUS 005 20080305154344.0 008 080305s1968 it u000 u ita u 040 $aPUL$bita$dLDB 100 1 $aMovia, Giancarlo.$0(OLS)http://pul/name/32388 245 10$aAnima e intelletto :$bricerche sulla psicologia peripatetica da Teofrasto a Cratippo /$cGiancarlo Movia. 260 $aPadova :$bAntenore,$c1968. 300 $a238 p. ;$c20 cm. 490 1 $aPubblicazioni dell'Istituto di Storia della filosofia e del Centro per ricerche di Filosofia medievale ;$v02 504 $aBibliografia : p. [13]-31. 650 14$aPsicologia.$0(OLS)http://pul/subject/1547 650 14$aAnima (filosofia).$0(OLS)http://pul/subject/23306 830 0$aPubblicazioni dell'Istituto di storia della filosofia e del Centro per ricerche di filosofia medioevale (Università di Padova).$pNuova serie ;$v02.$0(OLS)http://pul/title/5031 850 $aPUL 852 $aPUL$W1$xSL Filosofia 3$y81$m109 COLL 1.2$j126407$qDDC 21$B125131$CPULBib$Z2$F125131 $H106580 $82 941 1 $a9 996 $6245$aAnima e intelletto :$bricerche sulla psicologia peripatetica da Teofrasto a Cratippo$9(OLS)http://pul/title/138748 996 $6260$aPadova :$bAntenore$9(OLS)http://pul/publisher/48020